Les légendes de Ligue 1 selon leur pays - Statistiques

Statistiques générales
  • Ce quiz a été pris 257 fois
    246 depuis la dernière actualisation
  • Le résultat moyen est 9 sur 20
Statistiques - réponses
Nationalité Joueurs % Correct
Suède (Paris) Zlatan Ibrahimovic
86%
Uruguay Edinson Cavani
85%
Brésil (Lyon) Juninho
84%
Côte d'Ivoire Didier Drogba
78%
Portugal Pedro Miguel Pauleta
70%
Libéria George Weah
68%
France (gardien) Fabien Barthez
65%
Belgique Eden Hazard
52%
Ghana (millieu) Michael Essien
50%
Brésil (Paris) Ronaldinho
50%
Ghana (attaquant) Abedi Pelé
46%
Brésil (Lyon) Sonny Andersson
39%
Argentine Lisandro López
18%
Angleterre Chris Waddle
16%
France (attaquant) David Ginola
10%
Yougoslavie Safet Sušić
10%
Mali Salif Keïta
9%
Croatie Josip Skoblar
7%
France (défenseur) Marius Trésor
4%
Pologne Andrzej Szarmach
2%
Aucun quiz correspondant
Distribution des résultats
% des personnes avec chaque résultat
Percentile par nombre de réponses
Votre historique - résultats
Vous n’avez pas pris ce quiz depuis la dernière actualisation